[Event "Verbandsliga Nord Baden 9394"]
[Site "Germany"]
[Date "1993.10.17"]
[Round "2.1"]
[White "Wind, Lutz"]
[Black "Zarak, Dalibor"]
[Result "1/2-1/2"]
[WhiteElo "2320"]
[BlackElo "2255"]
[PlyCount "124"]
[EventDate "1993.09.23"]
[EventType "team"]
[EventRounds "9"]
[EventCountry "GER"]
[SourceTitle "EXT 2002"]
[Source "ChessBase"]
[SourceDate "2001.11.25"]
[SourceVersion "1"]
[SourceVersionDate "2001.11.25"]
[SourceQuality "1"]
[WhiteTeam "Mannheim Chaos"]
[BlackTeam "Lauda"]
[WhiteTeamCountry "GER"]
[BlackTeamCountry "GER"]

1. Nf3 Nf6 2. c4 e6 3. g3 d5 4. Bg2 Be7 5. 0-0 0-0 6. b3 c5 7. Bb2 Nc6 8. cxd5 Nxd5 9. Na3 Nd4 10. Ne5 f6 11. Nd3 e5 12. Rc1 b6 13. e3 Ne6 14. f4 exf4 15. gxf4 Rb8 16. f5 Ng5 17. e4 Nc7 18. Nf4 Bd6 19. Nc4 Bxf4 20. Rxf4 Bb7 21. a4 Bxe4 22. Rxe4 Nxe4 23. Bxe4 Nd5 24. d4 Re8 25. Qf3 Nb4 26. d5 a6 27. Bc3 Na2 28. Rc2 Nxc3 29. Rxc3 b5 30. axb5 axb5 31. Nd2 Qd6 32. Qf2 Ra8 33. Re3 Ra1+ 34. Re1 Rxe1+ 35. Qxe1 c4 36. bxc4 bxc4 37. Qe3 Qb4 38. Qd4 Qa5 39. d6 c3 40. Nb3 Qa3 41. d7 Rd8 42. Bc6 Qb2 43. Qd5+ Kh8 44. Qe6 Qa3 45. Qe8+ Qf8 46. Qxf8+ Rxf8 47. Kf2 Rb8 48. Ke3 Kg8 49. Kd3 Kf8 50. Nc5 Ke7 51. Ba4 g6 52. Kxc3 gxf5 53. Kc4 h5 54. Kd5 Rb6 55. Bc6 Rb8 56. Ne6 h4 57. Nd4 Rb2 58. Nxf5+ Kd8 59. Ng7 Ke7 60. Nf5+ Kd8 61. Nd4 Rd2 62. Ba4 Ke7 1/2-1/2

[Event "YUG-chT 38th"]
[Site "Sibenik"]
[Date "1986.??.??"]
[Round "?"]
[White "Krnic, Zdenko"]
[Black "Zarak, Dalibor"]
[Result "1/2-1/2"]
[WhiteElo "2390"]
[BlackElo "2200"]
[PlyCount "46"]
[EventDate "1986.??.??"]
[EventType "team"]
[EventRounds "9"]
[EventCountry "YUG"]
[SourceTitle "EXT 2009"]
[Source "ChessBase"]
[SourceDate "2008.11.26"]
[SourceVersion "1"]
[SourceVersionDate "2008.11.26"]
[SourceQuality "1"]

1. Nf3 Nf6 2. c4 g6 3. b4 Bg7 4. Bb2 0-0 5. e3 d6 6. d4 Nbd7 7. Be2 Re8 8. Nc3 e5 9. dxe5 Nxe5 10. Nxe5 dxe5 11. 0-0 Qe7 12. Qb3 c6 13. b5 Bf5 14. Rfd1 Bf8 15. a4 Nd7 16. e4 Nc5 17. Qc2 Bc8 18. a5 Ne6 19. a6 Nd4 20. axb7 Bxb7 21. Qd3 Qb4 22. Rab1 cxb5 23. cxb5 Rad8 1/2-1/2